000
00311nam a22001337a 4500
008
170825b xxu||||| |||| 00| 0 eng d
020
_a
971111840549
041
_a
eng
080
_2
4 ED
_a
070
100
_a
39
101
_a
MED
245
_a
THE COMPOSITION OF EVEYDAY LIVE
_c
MAUK.J
942
_2
udc
_c
BK
999
_c
25062
_d
25062